000 00342nam a2200145Ia 4500
008 150201s2011 xx 000 0 und d
082 _a611
_bA11W
100 _aWASTSON ,ROGER
245 _aANATOMY & PHYSIOLOGY FOR NURSES
250 _a13TH
260 _bELSEVIER
_aINDIA
_c2011
300 _a367
650 _aANATOMY
942 _2ddc
_cBK
_018
999 _c2083
_d2083